<?xml version="1.0" encoding="UTF-8"?>
<record
    xmlns:xsi="http://www.w3.org/2001/XMLSchema-instance"
    xsi:schemaLocation="http://www.loc.gov/MARC21/slim http://www.loc.gov/standards/marcxml/schema/MARC21slim.xsd"
    xmlns="http://www.loc.gov/MARC21/slim">

  <leader>02432pam a2200337 a 4500</leader>
  <datafield tag="999" ind1=" " ind2=" ">
    <subfield code="c">5942</subfield>
    <subfield code="d">5942</subfield>
  </datafield>
  <controlfield tag="001">3889696</controlfield>
  <controlfield tag="003">OSt</controlfield>
  <controlfield tag="005">20190111110913.0</controlfield>
  <controlfield tag="008">900618r19911981tnua     b    000 0 eng  </controlfield>
  <datafield tag="010" ind1=" " ind2=" ">
    <subfield code="a">   90041340 </subfield>
  </datafield>
  <datafield tag="040" ind1=" " ind2=" ">
    <subfield code="a">DLC</subfield>
    <subfield code="c">DLC</subfield>
    <subfield code="d">DLC</subfield>
  </datafield>
  <datafield tag="050" ind1="1" ind2="0">
    <subfield code="a">BS491.2</subfield>
    <subfield code="b">.M37 1991</subfield>
  </datafield>
  <datafield tag="082" ind1="0" ind2="0">
    <subfield code="a">222.2</subfield>
    <subfield code="2">20</subfield>
    <subfield code="b">M478J</subfield>
  </datafield>
  <datafield tag="100" ind1="1" ind2=" ">
    <subfield code="a">McGee, J. Vernon</subfield>
    <subfield code="q">(John Vernon),</subfield>
    <subfield code="d">1904-1988.</subfield>
  </datafield>
  <datafield tag="240" ind1="1" ind2="0">
    <subfield code="a">Thru the Bible with J. Vernon McGee</subfield>
  </datafield>
  <datafield tag="245" ind1="1" ind2="0">
    <subfield code="a">Joshua and Judges /</subfield>
    <subfield code="c">J. Vernon McGee.</subfield>
  </datafield>
  <datafield tag="260" ind1=" " ind2=" ">
    <subfield code="a">Nashville :</subfield>
    <subfield code="b">T. Nelson,</subfield>
    <subfield code="c">c1991.</subfield>
  </datafield>
  <datafield tag="300" ind1=" " ind2=" ">
    <subfield code="a">60 v. :</subfield>
    <subfield code="b">ill. ;</subfield>
    <subfield code="c">19 cm.</subfield>
  </datafield>
  <datafield tag="500" ind1=" " ind2=" ">
    <subfield code="a">Cover title.</subfield>
  </datafield>
  <datafield tag="500" ind1=" " ind2=" ">
    <subfield code="a">Adapted from the taped messages of the five-year "Thru the Bible" radio program to accommodate a reading audience and published first in 1981-1983 under title: Thru the Bible with J. Vernon McGee.</subfield>
  </datafield>
  <datafield tag="500" ind1=" " ind2=" ">
    <subfield code="a">Scripture quotations are from the King James Version of the Bible.</subfield>
  </datafield>
  <datafield tag="504" ind1=" " ind2=" ">
    <subfield code="a">Includes bibliographical references.</subfield>
  </datafield>
  <datafield tag="505" ind1="0" ind2=" ">
    <subfield code="a">v. 1-3. Genesis -- v. 4-5. Exodus -- v. 6-7. Leviticus -- v. 8. Numbers -- v. 9. Deuteronomy -- v. 10. Joshua and Judges -- v. 11. Ruth -- v. 12. First and Second Samuel -- v. 13. First and Second Kings -- v. 14. First and Second Chronicles -- v. 15. Ezra, Nehemiah, Esther -- v. 16. Job -- v. 17-19. Psalms -- v. 20. Proverbs -- v. 21. Ecclesiastes and Song of Solomon -- v. 22-23. Isaiah -- v. 24. Jeremiah and Lamentations -- v. 25. Ezekiel -- v. 26. Daniel -- v. 27. Hosea and Joel -- v. 28. Amos and Obadiah -- v. 29. Jonah and Micah -- v. 30. Nahum and Habakkuk -- v. 31. Zephaniah and Haggai -- v. 32. Zechariah -- v. 33. Malachi -- v. 34-35. Matthew -- v. 36. Mark -- v. 37. Luke -- v. 38-39. John -- v. 40-41. Acts -- v. 42-43. Romans -- v. 44. First Corinthians -- v. 45. Second Corinthians -- v. 46. Galatians -- v. 47. Ephesians -- v. 48. Philipians and Colossians -- v. 49. First and Second Thessalonians -- v. 50. First and Second Timothy, Titus, Philemon -- v. 51-52. Hebrews -- v. 53. James -- v. 54. First Peter -- v. 55. Second Peter -- v. 56. First John -- v. 57. Second and Third John, Jude -- v. 58-60. Revelations.</subfield>
  </datafield>
  <datafield tag="630" ind1="0" ind2="0">
    <subfield code="a">Bible</subfield>
    <subfield code="x">Commentaries.</subfield>
  </datafield>
  <datafield tag="730" ind1="0" ind2=" ">
    <subfield code="a">Thru the Bible (Radio program)</subfield>
  </datafield>
  <datafield tag="730" ind1="0" ind2="2">
    <subfield code="a">Bible.</subfield>
    <subfield code="l">English.</subfield>
    <subfield code="s">Authorized.</subfield>
    <subfield code="f">1991.</subfield>
  </datafield>
  <datafield tag="740" ind1="0" ind2=" ">
    <subfield code="a">Through the Bible commentary series.</subfield>
  </datafield>
  <datafield tag="906" ind1=" " ind2=" ">
    <subfield code="a">7</subfield>
    <subfield code="b">cbc</subfield>
    <subfield code="c">orignew</subfield>
    <subfield code="d">1</subfield>
    <subfield code="e">ocip</subfield>
    <subfield code="f">19</subfield>
    <subfield code="g">y-gencatlg</subfield>
  </datafield>
  <datafield tag="942" ind1=" " ind2=" ">
    <subfield code="2">ddc</subfield>
    <subfield code="c">BK</subfield>
  </datafield>
  <datafield tag="952" ind1=" " ind2=" ">
    <subfield code="0">0</subfield>
    <subfield code="1">0</subfield>
    <subfield code="2">ddc</subfield>
    <subfield code="4">0</subfield>
    <subfield code="7">0</subfield>
    <subfield code="8">NFIC</subfield>
    <subfield code="a">HMC</subfield>
    <subfield code="b">HMC</subfield>
    <subfield code="c">REF</subfield>
    <subfield code="d">2019-01-11</subfield>
    <subfield code="g">670.00</subfield>
    <subfield code="o">REF 222.2 M478J</subfield>
    <subfield code="p">006795</subfield>
    <subfield code="r">2019-01-11 00:00:00</subfield>
    <subfield code="w">2019-01-11</subfield>
    <subfield code="y">REF</subfield>
  </datafield>
</record>
